Word Puzzles - World Cities #1 - Statistics

General Stats
  • This quiz has been taken 51,123 times
    18,041 since last reset
  • The average score is 14 of 20
Answer Stats
Word Puzzle Solution City % Correct
Sack + father Bag + dad Baghdad
93%
Morning moisture + to purchase Dew + buy Dubai
88%
Feline + woman's counterpart + present tense of did Cat + man + do Kathmandu
84%
Military conflict + lumberjack's tool War + saw Warsaw
79%
Present tense of was + beige + male cow Is + tan + bull Istanbul
77%
Gun sound + rooster Bang + cock Bangkok
74%
Beaver's construction + pose a question to + not them Dam + ask + us Damascus
74%
Ceiling opposite + to wash away shampoo Floor + rinse Florence
74%
"Beauty and the Beast" heroine + refrain from eating Belle + fast Belfast
72%
Before triple + ye olde hotel Double + inn Dublin
72%
Window material + Chinese strategy game Glass + go Glasgow
72%
Australian tree marsupial + weaving device + not rich Koala + loom + poor Kuala Lumpur
71%
Mr. Nicholson + cardiac organ + British slang for thank you Jack + heart + ta Jakarta
67%
Hades + wash basin + piano part Hell + sink + key Helsinki
65%
Siddhārtha Gautama + annoying person Buddha + pest Budapest
59%
Baby chicken + small gear + place to get $200 in Monopoly Chick + cog + go Chicago
55%
Unlocking tool + foot digit Key + toe Quito
51%
Johann Sebastian + dove's sound Bach + coo Baku
49%
One of 52 + word indicating a hypothetical Card + if Cardiff
41%
Bartlett or Anjou + snake's sound Pear + hiss Paris
38%
No matching quizzes found
Score Distribution
Percent of People with Each Score
Percentile by Number Answered
Your Score History
You have not taken this quiz since the last reset